000 00378 a2200157 4500
001 61659
020 _a8572441425
040 _cAnchieta - Pituba
100 _aToshimitsu, ThaĆ­s
240 1 0 _aComo usar outras linguagens na sala de aula
_lpor
245 1 0 _aComo usar outras linguagens na sala de aula
300 _a151
362 0 _a2000
650 4 _aLeitura
942 _cBK
999 _c61659
_d61659